000 00317nam a22001457a 4500
008 210602b ||||| |||| 00| 0 eng d
020 _a0933280610
041 _aeng
080 _a338
082 _a338
100 _a53
101 _aMEN
245 _aHolistic Resource Management
_cAllan Savory
942 _2udc
_cBK
999 _c57910
_d57910